| 000 | 01719cad a22002295a 4500 | ||
|---|---|---|---|
| 001 | L143259 | ||
| 008 | 080421e20070717at f v 000 0 eng d | ||
| 035 | _a(Sirsi) u143259 | ||
| 041 | 0 | _aeng | |
| 245 | 0 | 0 |
_aBI (Contracting) Pty Ltd V AW Baulderstone Pty Ltd _h[electronic resource] |
| 260 | _c2007 | ||
| 520 | _a[2007] NSWCA 173. The case will impact on the drafting of indemnity and exclusion clauses in Australian contracts because a new approach is now being taken. The principal issue on the appeal was the proper construction of the indemnity clause in the building contract entered into between BI (Contacting) and Baulderstone. The second issue was whether or not there had been a contract between BI (Contacting) and Baulderstone in the terms alleged by Baulderstone. Held: appeal dismissed. Indemnity clauses will be construed in the context of the contract as a whole. If broadly drafted, the indemnity clause will cover negligence. If there is any ambiguity, the clause will be construed in favour of the party providing the indemnity. The approach adopted by the courts in Andar Transport Pty v Brambles Ltd applied. | ||
| 590 | _aKA | ||
| 650 | 2 | 4 | _aBI (CONTRACTING) PTY LTD V AW BAULDERSTONE PTY LTD |
| 650 | 2 | 4 | _aANDAR TRANSPORT PTY V BRAMBLES LTD |
| 650 | 2 | 4 | _aDUST DISEASES TRIBUNAL ACT 1989 (AUS) |
| 650 | 2 | 4 | _aWRONGS ACT 1936 (AUS) |
| 651 | 4 | _aAustralia | |
| 690 | _aMANAGEMENT-DISPUTE AVOIDANCE, MANAGEMENT AND RESOLUTION-DISPUTE MANAGEMENT AND RESOLUTION | ||
| 856 | 4 | 0 |
_uhttps://www.lawlink.nsw.gov.au/scjudgments/2007nswca.nsf/00000000000000000000000000000000/7de8745e6b891c78ca257316001ec480?opendocument/ _zView the document free of charge at www.lawlink.nsw.gov.au... |
| 942 | _n0 | ||
| 999 |
_c80119 _d80119 |
||